000 01616nam0a2200349 4500
001 RU\NLR\BIBL_A\012708281
005 20220414154301.0
010 _a978-5-6046567-5-4
_9250
021 _aRU
_bКН-П-21-076333
_9КН-П-21-6081
035 _a(NLR Aleph) 012708281
035 _a(RuMoRGB)010862826
090 _a12901707
_c12901707
100 _a20220216d2021 u y0rusy50 ca
101 0 _arus
102 _aRU
105 _aa|||z|||010gy
181 0 _ai3
_baxxe
182 0 _an
200 1 _aБытиё!
_eкнига стихов
_fНадежда Кормилицына
_gхудожник Фрэнсис Тепло
203 _aТекст
_bвизуальный
_cнепосредственный
210 _aМосква
_cПорт приписки
_d2021
215 _a206, [1] с.
_cил.
_d17
300 _aПосвящ. 800-летию г. Ниж. Новгорода
327 1 _aСодерж.: Стихотворения; переводы: Гораций, Ода I, 38; Гораций, Ода к Левконое I, 11; Гораций, Ода очаровательной Пирре I, 5; Поль Верлен, Il pleure dans mon Coeur; Поль Верлен, Un grand sommeil noir; Робер Деснос, Сказка феи; Жак Превер, Париж ночью
686 2 _aШ6(2=Р)8-5
700 1 _aКормилицына
_bН. В.
_gНадежда Васильевна
702 1 _aТепло
_bФ.
_gФрэнсис
_4040
942 _cBOOK
980 _aNB